Problem of Evil in Plotinus (Record no. 3035)

MARC details
000 -LEADER
fixed length control field 00587nam a2200241 a 4500
020 ## - INTERNATIONAL STANDARD BOOK NUMBER
ISBN
082 00 - DEWEY DECIMAL CLASSIFICATION NUMBER
Classification number 184
Author Cutter FUL
100 ## - MAIN ENTRY--AUTHOR NAME
Author name Fuller, B A G
245 ## - TITLE STATEMENT
Title Problem of Evil in Plotinus
260 ## - PUBLICATION, DISTRIBUTION, ETC. (IMPRINT)
Place of publication Cambridge
Name of publisher Cambridge University Press
Year of publication 1912
300 ## - PHYSICAL DESCRIPTION
Number of Pages 336p
500 ## - GENERAL NOTE
General note includes index and biblioraphy
505 2# - FORMATTED CONTENTS NOTE
Formatted contents note Index
650 ## - SUBJECT ADDED ENTRY--TOPICAL TERM
Topical Term Good and Evil-Plotinus
942 ## - ADDED ENTRY ELEMENTS (KOHA)
Koha item type Books
700 1# -
-- Fuller, B A G
Holdings
Home library Current library Date acquired Cost, normal purchase price Full call number Accession Number Koha item type
Henry Martyn Institute Library Henry Martyn Institute Library 03/16/2007 100.00 184 FUL 9982 E-Books
                   Copyright © 2026 | Henry Martyn Institute | Hyderabad | TS-500052 | INDIA | Implemented by hmi.edu.in
Hit-Count:

Powered by Koha